|
|
|
|
| LEADER |
00000nam0a2200000 4500 |
| 001 |
161435 |
| 005 |
20231031155914.0 |
| 010 |
|
|
|a 5788004241
|
| 020 |
|
|
|a RU
|b 90-33114
|
| 035 |
|
|
|a (RuTPU)RU\TPU\book\175054
|
| 090 |
|
|
|a 161435
|
| 100 |
|
|
|a 20090608d1990 c y0rusy5003 ca
|
| 101 |
1 |
|
|a rus
|c ger
|
| 102 |
|
|
|a BY
|
| 105 |
|
|
|a a z 000ay
|
| 200 |
1 |
|
|a Небывалая игра; Долой огуречного короля
|e повести
|e для младшего школьного возраста
|f К. Нестлингер
|g пер. с нем. П. Л. Френкель ; худож. В. С. Пощастьев
|
| 210 |
|
|
|a Минск
|c Юнацтва
|d 1990
|
| 215 |
|
|
|a 220,[2] с.
|c цв. ил.
|d 22 см
|
| 610 |
1 |
|
|a детская литература
|
| 610 |
1 |
|
|a немецкая литература
|
| 610 |
1 |
|
|a повести
|
| 675 |
|
|
|a 83
|z rus
|
| 700 |
|
1 |
|a Нестлингер
|b К.
|g Кристина
|4 070
|
| 702 |
|
1 |
|a Френкель
|b П. Л.
|4 730
|
| 702 |
|
1 |
|a Пощастьев
|b В. С.
|4 440
|
| 801 |
|
0 |
|a RU
|b RuMRKP
|c 19950417
|g psbo
|
| 801 |
|
1 |
|a RU
|b 63413507
|c 20090608
|g PSBO
|
| 801 |
|
2 |
|a RU
|b 63413507
|c 20090608
|g PSBO
|
| 942 |
|
|
|c BK
|